<?xml version="1.0" encoding="UTF-8"?>
<record
    xmlns:xsi="http://www.w3.org/2001/XMLSchema-instance"
    xsi:schemaLocation="http://www.loc.gov/MARC21/slim http://www.loc.gov/standards/marcxml/schema/MARC21slim.xsd"
    xmlns="http://www.loc.gov/MARC21/slim">

  <leader>00411nam a22001337a 4500</leader>
  <controlfield tag="008">230803b        |||||||| |||| 00| 0 eng d</controlfield>
  <datafield tag="020" ind1=" " ind2=" ">
    <subfield code="a">9789966262394</subfield>
  </datafield>
  <datafield tag="050" ind1=" " ind2=" ">
    <subfield code="a">MT960</subfield>
    <subfield code="b">.K56 2022</subfield>
  </datafield>
  <datafield tag="100" ind1=" " ind2=" ">
    <subfield code="a">Kimani, Gabriel Thuku</subfield>
  </datafield>
  <datafield tag="245" ind1=" " ind2=" ">
    <subfield code="a">Sound design in film :</subfield>
    <subfield code="b">A Kenyan cinema books series/by</subfield>
    <subfield code="c">Gabriel Thuku Kimani</subfield>
  </datafield>
  <datafield tag="260" ind1=" " ind2=" ">
    <subfield code="a">Eldoret, Kenya</subfield>
    <subfield code="b">Utafiti Foundation</subfield>
    <subfield code="c">2022</subfield>
  </datafield>
  <datafield tag="300" ind1=" " ind2=" ">
    <subfield code="a">xvi, 198p.</subfield>
  </datafield>
  <datafield tag="942" ind1=" " ind2=" ">
    <subfield code="2">lcc</subfield>
    <subfield code="c">BK</subfield>
  </datafield>
  <datafield tag="999" ind1=" " ind2=" ">
    <subfield code="c">20204</subfield>
    <subfield code="d">20203</subfield>
  </datafield>
  <datafield tag="952" ind1=" " ind2=" ">
    <subfield code="0">0</subfield>
    <subfield code="1">0</subfield>
    <subfield code="2">lcc</subfield>
    <subfield code="7">0</subfield>
    <subfield code="a">KABU</subfield>
    <subfield code="b">KABU</subfield>
    <subfield code="d">2023-08-03</subfield>
    <subfield code="g">2000.00</subfield>
    <subfield code="i">0180/2023</subfield>
    <subfield code="l">0</subfield>
    <subfield code="o">MT960 .K56 2022 C.1</subfield>
    <subfield code="p">34418</subfield>
    <subfield code="r">2023-08-03 00:00:00</subfield>
    <subfield code="t">C.1</subfield>
    <subfield code="w">2023-08-03</subfield>
    <subfield code="y">BK</subfield>
  </datafield>
  <datafield tag="952" ind1=" " ind2=" ">
    <subfield code="0">0</subfield>
    <subfield code="1">0</subfield>
    <subfield code="2">lcc</subfield>
    <subfield code="7">0</subfield>
    <subfield code="a">KABU</subfield>
    <subfield code="b">KABU</subfield>
    <subfield code="d">2023-08-03</subfield>
    <subfield code="g">2000.00</subfield>
    <subfield code="i">0181/2023</subfield>
    <subfield code="l">0</subfield>
    <subfield code="o">MT960 .K56 2022 C.2</subfield>
    <subfield code="p">34419</subfield>
    <subfield code="r">2023-08-03 00:00:00</subfield>
    <subfield code="t">C.2</subfield>
    <subfield code="w">2023-08-03</subfield>
    <subfield code="y">BK</subfield>
  </datafield>
  <datafield tag="952" ind1=" " ind2=" ">
    <subfield code="0">0</subfield>
    <subfield code="1">0</subfield>
    <subfield code="2">lcc</subfield>
    <subfield code="7">0</subfield>
    <subfield code="a">KABU</subfield>
    <subfield code="b">KABU</subfield>
    <subfield code="d">2023-08-03</subfield>
    <subfield code="g">2000.00</subfield>
    <subfield code="i">0182/2023</subfield>
    <subfield code="l">0</subfield>
    <subfield code="o">MT960 .K56 2022 C.3</subfield>
    <subfield code="p">34420</subfield>
    <subfield code="r">2023-08-03 00:00:00</subfield>
    <subfield code="t">C.3</subfield>
    <subfield code="w">2023-08-03</subfield>
    <subfield code="y">BK</subfield>
  </datafield>
  <datafield tag="952" ind1=" " ind2=" ">
    <subfield code="0">0</subfield>
    <subfield code="1">0</subfield>
    <subfield code="2">lcc</subfield>
    <subfield code="7">0</subfield>
    <subfield code="a">KABU</subfield>
    <subfield code="b">KABU</subfield>
    <subfield code="d">2023-08-03</subfield>
    <subfield code="g">2000.00</subfield>
    <subfield code="i">0183/2023</subfield>
    <subfield code="l">0</subfield>
    <subfield code="o">MT960 .K56 2022 C.4</subfield>
    <subfield code="p">34429</subfield>
    <subfield code="r">2023-08-03 00:00:00</subfield>
    <subfield code="t">C.4</subfield>
    <subfield code="w">2023-08-03</subfield>
    <subfield code="y">BK</subfield>
  </datafield>
  <datafield tag="952" ind1=" " ind2=" ">
    <subfield code="0">0</subfield>
    <subfield code="1">0</subfield>
    <subfield code="2">lcc</subfield>
    <subfield code="7">0</subfield>
    <subfield code="a">KABU</subfield>
    <subfield code="b">KABU</subfield>
    <subfield code="d">2023-08-03</subfield>
    <subfield code="g">2000.00</subfield>
    <subfield code="i">0184/2023</subfield>
    <subfield code="l">0</subfield>
    <subfield code="o">MT960 .K56 2022 C.5</subfield>
    <subfield code="p">34430</subfield>
    <subfield code="r">2023-08-03 00:00:00</subfield>
    <subfield code="t">C.5</subfield>
    <subfield code="w">2023-08-03</subfield>
    <subfield code="y">BK</subfield>
  </datafield>
  <datafield tag="952" ind1=" " ind2=" ">
    <subfield code="0">0</subfield>
    <subfield code="1">0</subfield>
    <subfield code="2">lcc</subfield>
    <subfield code="7">0</subfield>
    <subfield code="a">KABU</subfield>
    <subfield code="b">KABU</subfield>
    <subfield code="d">2023-08-03</subfield>
    <subfield code="g">2000.00</subfield>
    <subfield code="i">0185/2023</subfield>
    <subfield code="l">0</subfield>
    <subfield code="o">MT960 .K56 2022 C.6</subfield>
    <subfield code="p">34431</subfield>
    <subfield code="r">2023-08-03 00:00:00</subfield>
    <subfield code="t">C.6</subfield>
    <subfield code="w">2023-08-03</subfield>
    <subfield code="y">BK</subfield>
  </datafield>
  <datafield tag="952" ind1=" " ind2=" ">
    <subfield code="0">0</subfield>
    <subfield code="1">0</subfield>
    <subfield code="2">lcc</subfield>
    <subfield code="7">0</subfield>
    <subfield code="a">KABU</subfield>
    <subfield code="b">KABU</subfield>
    <subfield code="d">2023-08-03</subfield>
    <subfield code="g">2000.00</subfield>
    <subfield code="i">0189/2023</subfield>
    <subfield code="l">0</subfield>
    <subfield code="o">MT960 .K56 2022 C.7</subfield>
    <subfield code="p">34432</subfield>
    <subfield code="r">2023-08-03 00:00:00</subfield>
    <subfield code="t">C.7</subfield>
    <subfield code="w">2023-08-03</subfield>
    <subfield code="y">BK</subfield>
  </datafield>
  <datafield tag="952" ind1=" " ind2=" ">
    <subfield code="0">0</subfield>
    <subfield code="1">0</subfield>
    <subfield code="2">lcc</subfield>
    <subfield code="7">0</subfield>
    <subfield code="a">KABU</subfield>
    <subfield code="b">KABU</subfield>
    <subfield code="d">2023-08-03</subfield>
    <subfield code="g">2000.00</subfield>
    <subfield code="i">0188/2023</subfield>
    <subfield code="l">0</subfield>
    <subfield code="o">MT960 .K56 2022 C.8</subfield>
    <subfield code="p">34433</subfield>
    <subfield code="r">2023-08-03 00:00:00</subfield>
    <subfield code="t">C.8</subfield>
    <subfield code="w">2023-08-03</subfield>
    <subfield code="y">BK</subfield>
  </datafield>
  <datafield tag="952" ind1=" " ind2=" ">
    <subfield code="0">0</subfield>
    <subfield code="1">0</subfield>
    <subfield code="2">lcc</subfield>
    <subfield code="7">0</subfield>
    <subfield code="a">KABU</subfield>
    <subfield code="b">KABU</subfield>
    <subfield code="d">2023-08-03</subfield>
    <subfield code="g">2000.00</subfield>
    <subfield code="i">0187/2023</subfield>
    <subfield code="l">1</subfield>
    <subfield code="o">MT960 .K56 2022 C.9</subfield>
    <subfield code="p">34434</subfield>
    <subfield code="r">2026-02-24 14:33:28</subfield>
    <subfield code="s">2026-02-23</subfield>
    <subfield code="t">C.9</subfield>
    <subfield code="w">2023-08-03</subfield>
    <subfield code="y">BK</subfield>
  </datafield>
  <datafield tag="952" ind1=" " ind2=" ">
    <subfield code="0">0</subfield>
    <subfield code="1">0</subfield>
    <subfield code="2">lcc</subfield>
    <subfield code="7">0</subfield>
    <subfield code="a">KABU</subfield>
    <subfield code="b">KABU</subfield>
    <subfield code="d">2023-08-03</subfield>
    <subfield code="g">2000.00</subfield>
    <subfield code="i">0187/2023</subfield>
    <subfield code="l">0</subfield>
    <subfield code="o">MT960 .K56 2022 C.10</subfield>
    <subfield code="p">34435</subfield>
    <subfield code="r">2023-08-03 00:00:00</subfield>
    <subfield code="t">C.10</subfield>
    <subfield code="w">2023-08-03</subfield>
    <subfield code="y">BK</subfield>
  </datafield>
</record>
